|
|
|
|
| LEADER |
00850nam 22002412a 4500 |
| 001 |
000734963 |
| 003 |
CZ BrMZK |
| 005 |
20090831093443.0 |
| 007 |
ta |
| 008 |
040914s1978 xr 000 cze d |
| 040 |
|
|
|a ABA001
|b cze
|c BOA001
|
| 041 |
1 |
|
|a cze
|h fre
|
| 100 |
1 |
|
|a Labiche, Eugène,
|d 1815-1888
|7 jn19990004803
|4 aut
|
| 245 |
1 |
0 |
|a Paroháči :
|b komedie o 3 dějstvích /
|c Eugène Labiche, Alfred Delacour ; z franc. orig. přel. Frída ; upr. František Mikeš
|
| 250 |
|
|
|a 1. nákl.
|
| 260 |
|
|
|a Praha :
|b Divadelní a literární agentura,
|c 1978
|
| 300 |
|
|
|a 64 s.
|
| 700 |
1 |
|
|a Delacour, Alfred,
|d 1815-1883
|7 jx20070601003
|4 aut
|
| 765 |
0 |
|
|t Célimare le bien-aimé
|9 Česky
|
| 910 |
|
|
|a BOA001
|b 4-0794.824
|
| 990 |
|
|
|a BK
|
| 991 |
|
|
|b 200501
|
| 996 |
7 |
|
|b 2619211579
|c 4-0794.824
|l MZK
|r Sklad / do 1 hodiny
|n 4
|w 000734963
|u 000010
|a 1
|e BOA001
|j MZK50
|s A
|